Obsequio a unos trillizos
Publicado:
San Jorge, núm. 92 (4rt trimestre 1973), pàg 92 :
MARC
| LEADER | 00000nam a2200000Ia 4500 | ||
|---|---|---|---|
| 001 | |||
| 008 | 160829s9999 xx 000 0 cat d | ||
| 245 | |a Obsequio a unos trillizos | ||
| 260 | |a San Jorge, núm. 92 (4rt trimestre 1973), pàg 92 | ||
| 610 | 2 | 0 | |a Caixa de Catalunya |9 53090 |
| 650 | |a Hospital Casa de Maternitat |9 44722 | ||
| 650 | |a Part múltiple |9 44723 | ||
| 650 | |a Campos García, Isabel I |9 44724 | ||
| 650 | |a Campos García, Inés |9 44725 | ||
| 650 | |a Campos García, Irene |9 44726 | ||
| 901 | |a Arxiu | ||
| 942 | |n 1 | ||
| 952 | |0 0 |1 0 |4 0 |7 1 |9 52143 |a Arxiu |b Arxiu |d 2016-12-01 |l 0 |r 2016-12-01 00:00:00 |w 2016-12-01 |y ARXIU | ||
| 999 | |c 55991 |d 55991 | ||